00509 a2200169 4500001001000000005001700010008004100027245007200068100002100140700002700161700002400188700001800212700002600230700001800256773004800274999001700322ART_3859020260410162011.0260409a 10aLa deuda social en la ciudad de Rosario. Una perspectiva multimodal1 aAccursi, Marcelo1 aAguiar, Rolando Raúl1 aCasiello, Francisco1 aCoppa, Carlos1 aPalacios, Clide Lidia1 aRomano, Dante0 tAnuariog- Nº 6 (ene./dic. 2009)wREV38525 c32219d32219